| 000 | 00879nam a2200193Ii 4500 | ||
|---|---|---|---|
| 003 | JO-AjNU | ||
| 008 | 230605s9999||||xx |||||||||||||| ||und|| | ||
| 040 |
_aJO-AjNU _bara _erda _cJO-AjNU |
||
| 041 | _aara | ||
| 050 | 1 | 4 | _aKZ6471.T376 |
| 100 | 3 |
_aتأليف الطراونة، محمد ؛ شريف عتلم ، معين قسيس ، مؤلف مشارك, _eauthor _942705 |
|
| 245 | 0 | 0 | _aالقانون الدولى الإنساني : تطبيقاته على الصعيد الوطنى فى الأردن |
| 264 | 3 | 1 | _aالاردن : اللجنة الدولية للصليب الأحمر، د،ت |
| 300 | _a200ص | ||
| 336 |
_atext _btxt _2rdacontent |
||
| 337 |
_aunmediated _bn _2rdamedia |
||
| 338 |
_avolume _bnc _2rdacarrier |
||
| 650 | 4 |
_aضحايا الحرب (قانون دولي) -- الحرب(قانون دولي) -- حقوق الانسان (قانون دولي) _942706 |
|
| 999 |
_aA18306 _c21874 _d21874 |
||